00436nam a2200205Ia 4500003000900000008004100009040001300050040001300063041000800076100002600084245003000110250001100140260001800151260000900169300001100178300000800189300001000197490001700207490000600224IT-RoPAU120407s9999 xx 000 0 und d aIT-RoPAU cIT-RoPAU aita aGianbattista Picinali aCosa leggere di filosofia aMilano aBibliografica c1974 a163 p. b163 c17 cm aCosa leggere v6